00406nam a2200157Ia 4500008004100000020001500041041001200056082001100068100001900079245006100098250000800159260003800167300000900205650001800214700001600232221030s9999 xx 000 0 und d a007124476X aEnglish a105.23 aA. Silberchatz 0aDatabase system conceptscby A. Silberchatz, H. F. Korth a5th bMcGraw Hill Pub.aNew Delhic2006 a1142 aMBA Computers aH. F. Korth